| 000 | 00459nam a2200157 i 4500 | ||
|---|---|---|---|
| 001 | 19681 | ||
| 003 | ES-MaACL | ||
| 007 | t| | ||
| 008 | 021008s1936 it ||||1| ita d | ||
| 100 | 0 |
_aAbetti, Giorgio, _918098 |
|
| 245 | 1 | 3 |
_aIl sole / _cGiorgio Abetti. |
| 260 |
_aMilano : _bUbrico Hoepli, _c1936 ( _fScuola Tipografica Figli de la Providenza) |
||
| 300 |
_aXV, 410 p. : _bil. ; _c20 cm. |
||
| 852 |
_aES-MaACL _jB-9839 _bR.19556 |
||
| 999 |
_c19681 _d19681 |
||